000 00681cam a22002413a 4500
001 31982
003 PGUSA
005 20140828083707.0
008 100414s2010||||xxu|||||s|||||000 | eng d
040 _aPGUSA
_beng
042 _adc
050 4 _aTX
100 1 _aDe Salis,
_cMrs
_q(Harriet Anne),
_d1829-1908
245 1 0 _aDressed Game and Poultry à la Mode
_h[electronic resource] /
_cDe Salis,
260 _bProject Gutenberg,
_c2010
506 _aPublic domain in the USA.
516 _aElectronic text
653 _aCooking (Poultry)
653 _aCooking (Game)
830 0 _aProject Gutenberg
_v31982
856 4 0 _uhttp://www.gutenberg.org/ebooks/31982
942 _cEB
999 _c261237
_d261237